[Event "FIDE Chesscom Grand Swiss 2021"]
[Site "Riga"]
[Date "2021.11.04"]
[Round "8.50"]
[White "Sethuraman, S.P.."]
[Black "Van Foreest, Lucas"]
[Result "1-0"]
[WhiteElo "2620"]
[BlackElo "2543"]
[Annotator "TA"]
[PlyCount "132"]
[EventDate "2021.10.27"]
[EventType "swiss"]
[EventCountry "LAT"]
[Tiebreak "Cut1 Buchholz+Sonneborn-Berger (Swiss)"]
[SourceTitle "playchess.com"]
[Source "ChessBase"]
[SourceQuality "1"]

{[%evp 16,132,50,9,65,59,73,30,56,45,52,55,50,47,70,45,34,41,88,79,93,93,92,89,
95,67,68,58,65,50,45,54,53,41,66,72,88,64,106,103,106,106,98,106,108,104,123,
104,122,107,91,100,143,143,237,243,237,230,242,264,280,267,269,249,243,231,364,
368,356,352,398,402,411,408,421,421,546,546,539,539,526,502,470,455,445,442,
786,768,734,727,714,644,622,613,637,608,1730,538,1319,1705,1705,1309,29966,
29967,29974,29975,29977,29978,29981,29982,29984,29985,29986,29987,29988,29989,
29989,29990,29994]} 1. d4 Nf6 2. c4 e6 3. Nc3 Bb4 4. g3 c5 5. Nf3 O-O 6. Bg2 d6
7. O-O Bxc3 8. bxc3 Nc6 9. Bf4 Nh5 {E20: Nimzo-Indian: 4 g3 and 4 f3.} (9... h6
$11) 10. Bg5 {[#]} Nf6 $146 ({Predecessor:} 10... Qc7 11. Nd2 h6 12. e3 Nxg3
13. fxg3 hxg5 14. Qh5 Qe7 15. Ne4 f5 16. Nxg5 g6 17. Qxg6+ {1/2-1/2 (33)
Plachetka,J (2412)-Markos,J (2559) Banska Stiavnica 2007}) 11. Nd2 h6 $1 {
[%cal Rh6g5] White has an edge.} 12. Bxf6 Qxf6 13. Bxc6 bxc6 14. Ne4 Qe7 15.
Qa4 cxd4 16. Qxc6 Bb7 17. Qxd6 Rae8 18. Qxe7 $1 Rxe7 19. Nd6 dxc3 20. Rfc1 Rd8
21. c5 Ba6 $1 22. Kf1 Rb8 $1 23. Rxc3 Rb2 24. Nc4 Bxc4 25. Rxc4 $14 {[%mdl
4096] Endgame KRR-KRR} Kf8 26. a4 Ke8 27. Rd1 Rc7 28. Rd6 Ke7 29. Ra6 Rd2 30.
f4 Kd7 31. Ke1 Rd5 32. e4 Rd3 33. e5 Ke7 34. Rd6 Rd5 (34... Rb3 $16 35. c6 a5)
35. Rxd5 $18 exd5 {KR-KR} 36. Rc1 Kd7 37. Kd2 Kc6 {[#]} 38. Rb1 d4 39. Kd3 Kd5
40. Rb4 Rxc5 (40... Re7 $142 41. c6 (41. Rxd4+ Kxc5 42. Rc4+ Kd5 $16) 41...
Kxc6 42. Kxd4 (42. Rxd4 Kc5 $16) 42... g6 43. Rc4+ Kd7) 41. Rxd4+ Ke6 {[#]} 42.
Rd6+ Kf5 43. Rd7 $1 {[%csl LRa7,LRf7][%mdl 64] Double Attack} f6 44. Rxa7 fxe5
45. fxe5 Rc1 46. Rxg7 Ra1 47. Rf7+ Kxe5 48. Rf4 Ra3+ 49. Ke2 Ra2+ 50. Kf3 Rxh2
(50... Ke6 $142 51. Rh4 Kf5) 51. Rh4 Ra2 52. Rh5+ Kf6 53. Rxh6+ Kg5 54. Rh4 Ra1
55. Rb4 Ra3+ 56. Kf2 (56. Ke4 $142 Rxg3 57. Kd5) 56... Ra2+ 57. Ke3 Ra3+ 58.
Kd4 Rxg3 59. Kc5 {White mates.} Kf5 60. a5 {[%cal Ba4a5,Ba5a6,Ba6a7][%mdl 32]}
Ke6 61. a6 Kd7 62. a7 Ra3 63. Kb6 Kc8 64. Rb5 Ra1 65. Rc5+ Kd7 66. Ra5 Ra2 {
Weighted Error Value: White=0.14/Black=0.22} 1-0

[Event "FIDE Chesscom Grand Swiss 2021"]
[Site "Riga"]
[Date "2021.11.04"]
[Round "8.51"]
[White "Zvjaginsev, Vadim"]
[Black "Vokhidov, Shamsiddin"]
[Result "1-0"]
[WhiteElo "2609"]
[BlackElo "2521"]
[Annotator "TA"]
[PlyCount "115"]
[EventDate "2021.10.27"]
[EventType "swiss"]
[EventCountry "LAT"]
[Tiebreak "Cut1 Buchholz+Sonneborn-Berger (Swiss)"]
[SourceTitle "playchess.com"]
[Source "ChessBase"]
[SourceQuality "1"]

{[%evp 11,115,-13,0,0,8,2,18,0,0,0,0,0,0,0,0,-14,0,-28,0,0,0,0,0,0,0,0,0,0,0,0,
0,0,0,0,-6,-18,0,0,0,-19,-24,-21,0,0,0,-61,-60,-62,-57,-66,-66,-62,-60,-62,-62,
-54,-53,-52,-40,-78,0,0,0,0,0,0,0,0,0,0,0,0,0,0,0,0,0,0,0,0,0,0,0,0,16,16,17,
17,98,97,97,98,97,100,97,94,97,97,97,97,365,192,300,260,260,260]} 1. c4 e5 2.
Nc3 Nf6 3. Nf3 Nc6 4. a3 d5 5. cxd5 Nxd5 6. Qc2 Nxc3 7. dxc3 {A28: English
Opening: Four Knights Variation.} Qf6 (7... Be7 {seems wilder.} 8. e4 Qd6 9.
Be3 O-O 10. b4 Rd8) 8. e4 {[#]} Bc5 $146 ({Predecessor:} 8... Qg6 9. Be3 Bd6
10. Nh4 Qh5 11. Nf5 O-O 12. Be2 Qg6 13. Bf3 Ne7 14. g4 Qe6 {0-1 (46)
Drozdowski,K (2612)-Matlakov,M (2705) Chess.com INT 2017}) 9. Be2 {The
position is equal.} a5 10. O-O h6 11. Be3 Bxe3 12. fxe3 O-O 13. Bc4 Qe7 14. Qf2
Be6 15. Bd5 Bxd5 16. exd5 Nb8 17. b4 Nd7 18. e4 Ra6 19. Rae1 axb4 20. axb4 Rfa8
21. Nh4 g6 22. Qg3 Kh7 23. h3 Ra3 24. Kh2 R8a6 25. Rf3 (25. Qf2 {is
interesting.} Rf6 26. Qb2 Ra4 27. Nf3 Kg7 28. Ra1) 25... Rf6 26. Ref1 Rxf3 (
26... Raa6 {looks sharper.} 27. Rxf6 Nxf6 28. Qd3 Ra3 29. Nf3 b5) 27. Qxf3 Kg8
28. Qg4 ({White should try} 28. Kg1 $11) 28... Nf6 $1 $15 {[%cal Rf6g4]} 29.
Qf3 Ne8 30. Qg4 $1 Kh7 31. Qg3 Nd6 32. Nf3 Nc4 33. Rf2 Kg8 34. Nd2 Nd6 35. Qd3
Qg5 (35... Qh4 $17 36. Re2 Qg5) 36. Nc4 $36 {[%mdl 2048] Black is under
pressure.} Qh4 37. Rf1 Ra2 38. Nxd6 cxd6 {[%mdl 4096] Endgame KQR-KQR} 39. Qf3
Qe7 40. Qf6 Qxf6 41. Rxf6 {KR-KR} Rc2 42. Rxd6 Rxc3 43. Rb6 Rc4 44. Rxb7 (44.
d6 {feels hotter.} Rxe4 45. d7 Rd4 46. Rxb7 Kf8 47. b5) 44... Rxe4 45. d6 Rd4
46. d7 {[#] Black must now prevent Rb8+.} Kf8 47. b5 {Hoping for b6.} Ke7 48.
d8=Q+ (48. d8=B+ {keeps more tension.} Kxd8 49. Rxf7 Rd6 50. Ra7 Rb6 51. Ra5)
48... Kxd8 49. Rxf7 Rb4 (49... Rd6 $1 $11 {remains equal.}) 50. Rf6 $16 Rxb5
51. Rxg6 h5 52. Rg5 Ke7 53. Rxh5 Kf6 54. g4 Rb2+ 55. Kg3 Ke6 $2 {[%mdl 8192] 
[#]} (55... Rb3+ $16 {was worth a try.} 56. Kf2 Rb2+ 57. Kg3 Rb3+ 58. Kg2 Rb2+
59. Kf3 Rb3+ 60. Ke2 Rb2+ 61. Kd3 Rb3+ 62. Ke4 Rb4+ 63. Ke3 Rb3+ 64. Kf2 Rb2+
65. Kf3 Rb3+ 66. Ke4 Kg6) 56. Rh8 (56. Rh6+ $142 Kd5 57. Rh8) 56... Rb1 (56...
Rb3+ {was necessary.} 57. Kh4 Kf7) 57. Kh4 Kf7 58. Kg5 {Weighted Error Value:
White=0.09/Black=0.18} 1-0

[Event "FIDE Chesscom Grand Swiss 2021"]
[Site "Riga"]
[Date "2021.11.04"]
[Round "8.52"]
[White "Bjerre, Jonas Buhl"]
[Black "Jumabayev, Rinat"]
[Result "1/2-1/2"]
[WhiteElo "2569"]
[BlackElo "2658"]
[Annotator "TA"]
[PlyCount "85"]
[EventDate "2021.10.27"]
[EventType "swiss"]
[EventCountry "LAT"]
[Tiebreak "Cut1 Buchholz+Sonneborn-Berger (Swiss)"]
[SourceTitle "playchess.com"]
[Source "ChessBase"]
[SourceQuality "1"]

{[%evp 10,85,23,14,17,26,24,28,39,41,112,113,109,104,95,93,75,58,69,67,68,71,
69,75,64,47,47,36,101,103,109,108,116,107,108,107,105,107,178,108,83,54,70,65,
60,60,87,84,82,80,84,84,91,93,106,74,74,61,76,54,41,0,0,0,0,0,0,0,0,0,0,0,0,0,
0,0,0,0]} 1. e4 c6 2. d4 d5 3. e5 Bf5 4. Nd2 e6 5. Nb3 Nd7 6. Nf3 Qc7 {B12:
Caro-Kann: Advance Variation.} 7. Be2 c5 8. c3 $1 {[%mdl 4] [#] outshines the
older 8.dxc5.} Bg6 $146 {White has an edge.} ({Predecessor:} 8... c4 9. Nbd2 h6
10. Nf1 Ne7 11. Ne3 Bh7 12. O-O Nf5 13. Ne1 f6 14. Bh5+ g6 15. Nxf5 exf5 {
1/2-1/2 (48) Fedoseev,V (2708)-Dreev,A (2637) Struga 2021}) 9. O-O Ne7 (9...
Be7 $14) 10. Nxc5 $16 Nxc5 11. dxc5 Qxc5 12. Qa4+ Nc6 13. Bb5 {Hoping for Be3.}
Qb6 14. Nd4 {[%cal Rd4c6]} a6 {[#]} 15. Be3 $1 {And now Nxe6! would win.} Bc5
16. Bxc6+ bxc6 17. Nxc6 Bxe3 18. Nd4+ Ke7 (18... Kf8 $14 19. fxe3 Kg8) 19. Qa3+
Kd7 20. fxe3 Rhc8 21. Rf2 Qc5 {next ...Qxa3 is good for Black.} 22. Qa4+ Ke7
23. Raf1 Ra7 (23... Qc4 $16 {was necessary.} 24. Qa3+ Qc5) 24. Qd1 ({White
should play} 24. g4 $18) 24... Qc7 25. Nf3 Ke8 26. Qa4+ Kf8 $1 27. Ng5 {
Strongly threatening Nxe6+.} Qxe5 {[#]} 28. Qd4 $1 Qxd4 29. Nxe6+ $1 {[%mdl 64]
Double Attack} ({But not} 29. exd4 $6 Kg8 $11) 29... Ke7 30. Nxd4 (30. cxd4 $2
{too greedy.} Kxe6 31. g4 Bd3 $19) 30... f6 31. Rd2 Rb7 32. Nb3 Be4 33. Kf2
Rcb8 34. Rc1 a5 35. Ke1 Kf7 {The position is equal.} 36. Rd4 Bxg2 37. Ra4 Rb5
38. Rc2 Be4 39. Rd2 Ra8 40. Nd4 Rc5 41. Nb3 Rb5 42. Nd4 Rc5 43. Nb3 {Weighted
Error Value: White=0.06/Black=0.07} 1/2-1/2

[Event "FIDE Chesscom Grand Swiss 2021"]
[Site "Riga"]
[Date "2021.11.04"]
[Round "8.53"]
[White "Meshkovs, Nikita"]
[Black "Morovic Fernandez, Ivan"]
[Result "1-0"]
[WhiteElo "2550"]
[BlackElo "2510"]
[Annotator "ChessBase"]
[PlyCount "75"]
[EventDate "2021.10.27"]
[EventType "swiss"]
[EventCountry "LAT"]
[Tiebreak "Cut1 Buchholz+Sonneborn-Berger (Swiss)"]
[SourceTitle "playchess.com"]
[Source "ChessBase"]
[SourceQuality "1"]
[TimeControl "40/6000+30:20/3000+30:900+30"]

1. Nf3 {[%emt 0:00:04]} d5 {[%emt 0:00:38]} 2. g3 {[%emt 0:00:10]} c6 {[%emt 0:
00:12]} 3. Bg2 {[%emt 0:00:05]} Nf6 {[%emt 0:00:04]} 4. O-O {[%emt 0:00:08]}
Bg4 {[%emt 0:00:20]} 5. d3 {[%emt 0:00:08]} Nbd7 {[%emt 0:00:05]} 6. h3 {
[%emt 0:00:59]} Bh5 {[%emt 0:01:15]} 7. Nbd2 {[%emt 0:00:06]} e6 {[%emt 0:02:
22]} 8. e4 {[%emt 0:00:40]} Be7 {[%emt 0:00:43]} 9. Qe1 {[%emt 0:04:29]} O-O {
[%emt 0:00:53]} 10. e5 {[%emt 0:01:33]} Ne8 {[%emt 0:00:27]} 11. Nh2 {[%emt 0:
00:06]} Nc7 {[%emt 0:03:21]} 12. g4 {[%emt 0:03:32]} Bg6 {[%emt 0:00:17]} 13.
f4 {[%emt 0:00:07]} f6 {[%emt 0:04:28]} 14. Ndf3 {[%emt 0:00:09]} fxe5 {
[%emt 0:17:30]} 15. fxe5 {[%emt 0:00:12]} Nb5 {[%emt 0:04:37]} 16. Be3 {
[%emt 0:07:08]} Bc5 {[%emt 0:05:47]} 17. Bxc5 {[%emt 0:02:45]} Nxc5 {[%emt 0:
00:05]} 18. a4 {[%emt 0:00:06]} Nc7 {[%emt 0:01:23]} 19. Qe3 {[%emt 0:06:02]}
Nd7 {[%emt 0:02:32]} 20. h4 {[%emt 0:09:19]} h6 {[%emt 0:06:05]} 21. h5 {
[%emt 0:01:56]} Bh7 {[%emt 0:01:52]} 22. g5 {[%emt 0:02:38]} hxg5 {[%emt 0:00:
43]} 23. Nxg5 {[%emt 0:00:02]} Bf5 {[%emt 0:01:00]} 24. Qg3 {[%emt 0:03:04]}
Nxe5 {[%emt 0:24:44]} 25. h6 {[%emt 0:37:36]} Qf6 {[%emt 0:02:40]} 26. Ne4 {
[%emt 0:06:57]} dxe4 {[%emt 0:02:11]} 27. dxe4 {[%emt 0:00:02]} g6 {[%emt 0:01:
47]} 28. Rae1 {[%emt 0:04:12]} Rae8 {[%emt 0:03:59]} 29. exf5 {[%emt 0:01:03]}
exf5 {[%emt 0:00:02]} 30. Qb3+ {[%emt 0:00:04]} Ne6 {[%emt 0:02:31]} 31. Qxb7 {
[%emt 0:00:25]} Rf7 {[%emt 0:03:51]} 32. Qb4 {[%emt 0:00:27]} Ng5 {[%emt 0:03:
12]} 33. Ng4 {[%emt 0:07:32]} Ngf3+ {[%emt 0:11:58]} 34. Bxf3 {[%emt 0:02:01]}
fxg4 {[%emt 0:01:10]} 35. Bd5 {[%emt 0:00:02]} Nf3+ {[%emt 0:00:48]} 36. Rxf3 {
[%emt 0:00:27]} Rxe1+ {[%emt 0:00:02]} 37. Qxe1 {[%emt 0:00:06]} Qd4+ {[%emt 0:
00:05]} 38. Rf2 {[%emt 0:02:12]} 1-0

[Event "FIDE Chesscom Grand Swiss 2021"]
[Site "Riga"]
[Date "2021.11.04"]
[Round "8.54"]
[White "Budisavljevic, Luka"]
[Black "Rakotomaharo, Fy Antenaina"]
[Result "1/2-1/2"]
[WhiteElo "2508"]
[BlackElo "2484"]
[Annotator "TA"]
[PlyCount "89"]
[EventDate "2021.10.27"]
[EventType "swiss"]
[EventCountry "LAT"]
[Tiebreak "Cut1 Buchholz+Sonneborn-Berger (Swiss)"]
[SourceTitle "playchess.com"]
[Source "ChessBase"]
[SourceQuality "1"]

{[%evp 16,89,19,25,23,23,30,28,27,18,26,29,26,6,21,24,50,45,45,42,50,50,52,48,
106,58,54,56,46,30,59,47,70,45,65,63,64,6,8,8,37,41,35,37,34,28,49,36,106,105,
100,0,0,-25,6,14,11,0,0,0,10,10,10,8,8,0,4,0,14,22,15,0,0,0,14,8]} 1. d4 Nf6 2.
c4 e6 3. Nc3 d5 4. cxd5 exd5 5. Bg5 c6 6. e3 Be7 7. Bd3 O-O 8. Qc2 h6 9. Bf4
Nh5 {D36: Queen's Gambit Declined: Exchange Variation: Main line (5 Bg5 c6 6
Qc2).} 10. Be5 Nd7 11. h3 Nhf6 {White has an edge.} 12. Bh2 {[#]} c5 $146 ({
Predecessor:} 12... Re8 13. Nf3 Nf8 14. O-O-O Be6 15. Kb1 Rc8 16. g4 c5 17.
dxc5 Bxc5 18. Qa4 a6 {1/2-1/2 (46) Pajeken,W (2322)-Timme,K (1942) Greifswald
2003}) 13. dxc5 Nxc5 14. Nf3 Nxd3+ 15. Qxd3 Qb6 16. Be5 Be6 17. O-O Rfd8 18.
Bd4 Qb4 19. Rfc1 a5 (19... a6 $14) 20. a3 Qc4 ({Don't blunder} 20... Qxb2 $2
21. Rcb1 $18) 21. Qd1 Qa6 22. a4 Rac8 23. Nb5 Ne8 24. Be5 Bb4 25. Nfd4 Bd7 26.
Nc7 (26. Rxc8 $14 Rxc8 27. Qf3) 26... Qg6 $11 27. Qf3 Qe4 28. Qg3 {[#]
Strongly threatening Nxe8.} Bf8 29. Rc3 f6 30. Bf4 Bb4 31. Rcc1 Nxc7 (31... g5
$14) 32. Bxc7 $16 Re8 33. b3 ({Better is} 33. Bd6 $16) 33... Kh7 34. Rc2 Qg6
35. Qxg6+ {The position is equal.} Kxg6 36. Rd1 Kf7 37. Kf1 Ke7 38. Ke2 h5 39.
Rdc1 Ba3 40. Rd1 Bb4 41. Rdc1 Ba3 42. Rg1 Bb4 43. g4 Kf7 44. Kd3 Rh8 45. f3 {
Weighted Error Value: White=0.11/Black=0.10} 1/2-1/2

[Event "FIDE Chesscom Grand Swiss 2021"]
[Site "Riga"]
[Date "2021.11.05"]
[Round "9.1"]
[White "Caruana, Fabiano"]
[Black "Firouzja, Alireza"]
[Result "1-0"]
[WhiteElo "2800"]
[BlackElo "2770"]
[Annotator "TA"]
[PlyCount "107"]
[EventDate "2021.10.27"]
[EventType "swiss"]
[EventCountry "LAT"]
[Tiebreak "Cut1 Buchholz+Sonneborn-Berger (Swiss)"]
[SourceTitle "playchess.com"]
[Source "ChessBase"]
[SourceQuality "1"]

{[%evp 9,107,5,13,12,24,0,17,0,6,-14,18,10,19,16,21,8,55,11,8,25,23,12,26,18,8,
16,26,26,34,52,77,74,68,66,102,103,102,22,14,0,0,0,0,0,0,0,0,0,0,0,0,0,0,0,41,
0,0,0,9,10,4,8,54,74,68,71,108,69,323,323,311,301,308,289,287,224,338,325,404,
522,497,507,740,730,730,711,1312,1293,1562,1338,2552,2378,2181,1673,6079,4610,
29970,29970,5202,5197]} 1. e4 c6 2. d4 d5 3. e5 Bf5 4. h4 h5 5. Bd3 Bxd3 6.
Qxd3 {B12: Caro-Kann: Advance Variation.} Qa5+ {is currently scoring better
than 6...e6.} 7. Nd2 e6 $1 8. Ne2 {The position is equal.} Ne7 {[#]} 9. b4 $146
({Predecessor:} 9. O-O Qa6 10. c4 Nf5 11. b3 c5 12. dxc5 Nc6 13. a3 Bxc5 14. b4
Nxe5 15. Qb1 Nxc4 16. bxc5 Nxd2 17. Bxd2 Qxe2 18. Qxb7 {0-1 (40) Lagarde,M 
(2648)-Bluebaum,M (2669) Chalons en Champagne 2021}) 9... Qa6 10. Qb3 Nf5 {
Strongly threatening ...Qxe2+!} 11. Nf3 Nd7 12. a4 Qc4 (12... Qb6 {feels
hotter.} 13. Bd2 Be7 14. a5 Qb5 15. Nf4 Rc8) 13. Bd2 Qxb3 14. cxb3 f6 15. O-O
Be7 16. g3 Kf7 17. Rfe1 fxe5 18. dxe5 Rac8 19. Nf4 d4 20. Rac1 c5 {[#]} 21. Nd5
$1 cxb4 (21... Kg6 22. Nxe7+) 22. Nxe7 Nxe7 23. Ng5+ ({But not} 23. Nxd4 a5 $11
) (23. Bxb4 $16 Rxc1 24. Rxc1) 23... Kg6 $11 24. Rxc8 Rxc8 25. Nxe6 Nc6 26. f4
Kf5 27. Nxg7+ {[%mdl 64] Double Attack} Kg6 $1 {...Nc5 is the strong threat.}
28. Ne6 Kf5 29. Ng5 Nc5 30. Nf7 $36 {[%mdl 2048] Black must now prevent Nd6+.
White is pushing.} Ke6 {[%cal Re6f7]} 31. Nd6 Rg8 32. Kg2 Kd5 33. Rb1 Ne4 34.
Nxe4 Kxe4 {[%mdl 4096] Endgame KRB-KRN} 35. Rc1 Kd3 36. Be1 Ke2 37. e6 $1 {
And now f5 would win.} d3 38. f5 {Threatens to win with f6.} Nd4 $2 {[%mdl
8192] This move loses the game for Black.} ({Black should try} 38... Re8 $1 $14
) 39. Bxb4 $18 {[%csl Gb4][%cal Rc1e1]} d2 {[#]} 40. Bxd2 {[%mdl 512]} Kxd2 {
KRN-KR} 41. Rc5 {Hoping for Rd5.} Re8 42. Re5 Kd3 {[#]} (42... Nc6 $142 43. Re4
Kd3) 43. Kf2 $1 Re7 44. g4 hxg4 45. Kg3 Re8 {intending ...Nf3.} 46. Kxg4 Nc6
47. Kf4 Ne7 48. f6 Ng6+ 49. Kf5 Nxh4+ 50. Kg5 Nf3+ 51. Kf4 Nd4 52. e7 Nc6 53.
f7 Rxe7 54. Rd5+ {Weighted Error Value: White=0.07/Black=0.43} 1-0

[Event "FIDE Chesscom Grand Swiss 2021"]
[Site "Riga"]
[Date "2021.11.05"]
[Round "9.2"]
[White "Anton Guijarro, David"]
[Black "Vachier-Lagrave, Maxime"]
[Result "1/2-1/2"]
[WhiteElo "2658"]
[BlackElo "2763"]
[Annotator "TA"]
[PlyCount "67"]
[EventDate "2021.10.27"]
[EventType "swiss"]
[EventCountry "LAT"]
[Tiebreak "Cut1 Buchholz+Sonneborn-Berger (Swiss)"]
[SourceTitle "playchess.com"]
[Source "ChessBase"]
[SourceQuality "1"]

{[%evp 9,67,25,20,13,11,0,0,14,0,0,-3,5,5,7,27,7,14,0,3,13,13,11,1,-4,0,0,0,0,
0,0,0,0,0,0,13,0,67,0,0,0,0,0,0,0,0,0,0,0,0,0,3,0,12,0,0,0,12,0,0,0]} 1. d4 Nf6
2. c4 g6 3. Nf3 Bg7 4. e3 O-O 5. Be2 c5 6. dxc5 {E60: King's Indian: Unusual
lines and Fianchetto Variation without Nc3.} Na6 7. O-O Nxc5 8. b4 Nfe4 9. Nd4
Ne6 10. Bb2 Qb6 11. a3 {[#]} d5 $146 ({Predecessor:} 11... a5 12. Qc2 Nxd4 13.
exd4 Bxd4 14. Ra2 Bxb2 15. Rxb2 Nf6 16. c5 Qc7 17. Bf3 axb4 18. axb4 {0-1 (59)
Takac,Z (2122)-Jankovic,A (2329) Zagreb 2002}) 12. Bf3 Nxd4 13. Bxd4 Bxd4 14.
Qxd4 Qxd4 15. exd4 Rd8 16. a4 Bf5 17. Re1 e5 18. cxd5 Ng5 19. Rxe5 Nxf3+ 20.
gxf3 Rac8 {[#] And now ...Rc1+ would win.} 21. Nd2 Rc2 22. Ne4 Rc4 ({Black
should try} 22... Kf8 $11) 23. b5 ({Better is} 23. Re7 $1 $14) 23... Kf8 $11 {
The position is equal.} 24. Rd1 b6 25. h4 h5 26. Kg2 Rxa4 27. Kg3 Rb4 28. Kf4
Rxb5 29. Nf6 Kg7 30. Kg5 Rb3 31. Re3 Rb5 32. Re5 Rb3 33. Re3 Rb5 34. Re5 {
An uneventful encounter.  Weighted Error Value: White=0.06/Black=0.06} 1/2-1/2

[Event "FIDE Chesscom Grand Swiss 2021"]
[Site "Riga"]
[Date "2021.11.05"]
[Round "9.3"]
[White "Shirov, Alexei"]
[Black "Vitiugov, Nikita"]
[Result "1/2-1/2"]
[WhiteElo "2659"]
[BlackElo "2727"]
[Annotator "TA"]
[PlyCount "31"]
[EventDate "2021.10.27"]
[EventType "swiss"]
[EventCountry "LAT"]
[Tiebreak "Cut1 Buchholz+Sonneborn-Berger (Swiss)"]
[SourceTitle "playchess.com"]
[Source "ChessBase"]
[SourceQuality "1"]

{[%evp 15,31,15,19,0,0,0,0,0,0,0,14,0,0,0,16,0,0,0]} 1. e4 e5 2. Nf3 Nc6 3. Bb5
a6 4. Ba4 Nf6 5. O-O Be7 6. d3 b5 7. Bb3 d6 8. a4 Bd7 $1 {The position is
equal. The main line 8...Bd7 scores better than 8...b4.} 9. Be3 {C84: Closed
Ruy Lopez: Unusual White 6th moves.} O-O 10. axb5 axb5 11. Nc3 Rxa1 12. Qxa1
Nb4 {[#]} 13. Na2 $5 $146 {[%mdl 8] An interesting novelty.} ({Predecessor:} 
13. Bd2 c5 14. Qa3 c4 15. dxc4 bxc4 16. Qxb4 cxb3 17. Qxb3 Qc7 18. Bg5 Be6 19.
Qa4 Rb8 20. Bxf6 Bxf6 21. h3 g6 22. Rb1 Qb7 {1/2-1/2 (32) Calonge Gonzalez,A 
(2290)-Rubio Doblas,R (2222) ICCF email 2012}) 13... Nc6 14. Nc3 Nb4 15. Na2
Nc6 16. Nc3 {Not much happened in this game.  Weighted Error Value: White=0.07/
Black=0.00} 1/2-1/2

[Event "FIDE Chesscom Grand Swiss 2021"]
[Site "Riga"]
[Date "2021.11.05"]
[Round "9.4"]
[White "Howell, David W L"]
[Black "Korobov, Anton"]
[Result "1-0"]
[WhiteElo "2658"]
[BlackElo "2690"]
[Annotator "TA"]
[PlyCount "65"]
[EventDate "2021.10.27"]
[EventType "swiss"]
[EventCountry "LAT"]
[Tiebreak "Cut1 Buchholz+Sonneborn-Berger (Swiss)"]
[SourceTitle "playchess.com"]
[Source "ChessBase"]
[SourceQuality "1"]

{[%evp 14,65,27,22,27,2,15,5,10,12,14,24,17,18,31,17,57,56,58,58,57,57,75,63,
99,64,107,100,110,80,77,90,83,64,66,49,117,109,191,176,301,284,294,287,268,277,
521,514,700,242,875,864,806,769]} 1. Nf3 Nf6 2. c4 e6 3. g3 b6 4. Bg2 Bb7 5. d4
Be7 6. O-O O-O 7. Re1 Na6 8. Nc3 Ne4 {E18: Queen's Indian: Old Main Line (4 g3
Bb7 5 Bg2 Be7 6 0-0 0-0 7 Nc3).} 9. Bd2 f5 {is the legacy move (9...Bf6).} 10.
Ne5 d6 {The position is equal.} 11. Nd3 {[#]} Bf6 $146 ({Predecessor:} 11...
Bg5 12. Bxg5 Qxg5 13. Nf4 Qf6 14. h4 Nxc3 15. bxc3 Bxg2 16. Kxg2 e5 17. Nd5 Qf7
{0-1 (30) De Jong,M (2342)-Grochal,J (2196) Vlissingen 2016}) 12. Nxe4 fxe4 {
[#]} 13. e3 $1 e5 {[#]} (13... Qe8 14. Nf4) 14. Qg4 $1 Qc8 (14... exd4 15. exd4
) 15. Qxc8 Raxc8 16. dxe5 dxe5 {[#] Strongly threatening ...Rcd8.} 17. Bc3 $1
Rfe8 {[#]} (17... Rfd8 18. Red1) 18. b4 $1 {[%cal Bb2b4,Bb4b5][%mdl 32]} Rcd8 (
18... c5 19. b5) 19. Rad1 Ba8 20. Nc1 c5 21. b5 Nc7 22. h4 Ne6 23. Rxd8 Rxd8
24. Nb3 Rd3 (24... Kf7 $14) 25. Rc1 $16 g5 (25... Kf7 $16) 26. Nd2 $18 Nd4 (
26... Rd8 $142 27. Nxe4 Bxe4) 27. Bf1 ({Less strong is} 27. exd4 exd4 28. Bxe4
(28. Nxe4 Bxe4 29. Bxe4 Rxc3 $11) 28... Rxc3 $16) (27. Nxe4 Ne2+ 28. Kf1 Nxc1
$17) 27... Rxd2 28. Bxd2 ({Not} 28. exd4 Rxd4 29. Bxd4 exd4 $11) 28... Nf3+ 29.
Kg2 Nxd2 $2 (29... gxh4 30. Rd1 Kf7) 30. Rd1 Nxf1 31. Rd7 (31. Kxf1 a6 32. bxa6
) 31... Nd2 $2 ({Don't blunder} 31... gxh4 $2 32. Kxf1 Kf8 33. Rxa7 $18) (31...
Bb7) 32. Rxd2 Bb7 33. Rd6 {Weighted Error Value: White=0.19/Black=0.49} 1-0

[Event "FIDE Chesscom Grand Swiss 2021"]
[Site "Riga"]
[Date "2021.11.05"]
[Round "9.5"]
[White "Oparin, Grigoriy"]
[Black "Predke, Alexandr"]
[Result "1/2-1/2"]
[WhiteElo "2654"]
[BlackElo "2666"]
[Annotator "TA"]
[PlyCount "61"]
[EventDate "2021.10.27"]
[EventType "swiss"]
[EventCountry "LAT"]
[Tiebreak "Cut1 Buchholz+Sonneborn-Berger (Swiss)"]
[SourceTitle "playchess.com"]
[Source "ChessBase"]
[SourceQuality "1"]

{[%evp 20,61,39,32,51,11,20,14,35,9,33,45,30,26,35,32,37,18,33,10,9,11,15,0,9,
-59,-24,-22,-29,-27,-27,-25,-26,-27,-20,-26,-20,-20,-22,-37,-15,-18,-18,-22]} 
1. e4 e5 2. Nf3 Nc6 3. Bb5 a6 4. Ba4 Nf6 5. d3 d6 6. c3 Be7 7. O-O O-O 8. Re1
Re8 9. Nbd2 Bf8 10. h3 b5 {[%cal Bb7b5,Bb5b4][%mdl 32]} 11. Bc2 h6 {C87:
Closed Ruy Lopez: Steinitz-type lines after 6 Re1 d6.} 12. a4 b4 13. a5 d5 {[#]
} 14. exd5 $146 ({Predecessor:} 14. Ba4 Bb7 15. Qc2 Re6 16. Nb3 bxc3 17. bxc3
dxe4 18. dxe4 Nb8 19. Nbd2 Nfd7 20. Bb3 {1/2-1/2 (32) Saric,I (2650)
-Kryvoruchko,Y (2683) Budva 2019}) 14... Nxd5 15. Ba4 Bd7 16. Ne4 bxc3 17. bxc3
Nf6 18. Ng3 Bd6 19. Nh4 e4 ({Don't blunder} 19... Nxa5 $2 20. Bxd7 Nxd7 21.
Nhf5 $18) 20. dxe4 Bxg3 21. fxg3 Nxe4 22. Qf3 {[#]} (22. Bb3 $11 Nxg3 23. Bxf7+
Kxf7 24. Qd5+ Be6 25. Qf3+ {[%mdl 64] Double Attack} Qf6 26. Qxg3) 22... Ne5 $1
23. Qxe4 {[#] Strongly threatening Rd1.} Nc6 $1 24. Bxc6 Bxc6 {[%mdl 64] Pin}
25. Bg5 $1 Bxe4 26. Bxd8 Raxd8 27. Ra4 Bd5 28. Rxe8+ Rxe8 29. Kf2 Re5 30. Nf3
Bxf3 31. gxf3 {Weighted Error Value: White=0.12/Black=0.06} 1/2-1/2